Researching the city (Record no. 80174)

MARC details
000 -LEADER
fixed length control field 00714nam a2200169 a 4500
008 - FIXED-LENGTH DATA ELEMENTS--GENERAL INFORMATION
fixed length control field 170112s2014 ||||||||||||||||| || u
020 ## - INTERNATIONAL STANDARD BOOK NUMBER
International Standard Book Number 9781446202111
050 ## - LIBRARY OF CONGRESS CALL NUMBER
Classification number HT 110 Res
100 ## - MAIN ENTRY--PERSONAL NAME
Personal name Ward, Kevin
245 10 - TITLE STATEMENT
Title Researching the city
Statement of responsibility, etc. Edited By Kevin Ward
260 ## - PUBLICATION, DISTRIBUTION, ETC.
Place of publication, distribution, etc. London
Name of publisher, distributor, etc. SAGE Publications
Date of publication, distribution, etc. 2014
300 ## - PHYSICAL DESCRIPTION
Extent ix, 167p.: ill.
650 ## - SUBJECT ADDED ENTRY--TOPICAL TERM
Topical term or geographic name entry element CITIES AND TOWNS--GROWTH
650 ## - SUBJECT ADDED ENTRY--TOPICAL TERM
Topical term or geographic name entry element CITIES
995 ## -
-- MAIN LIBRARY OPEN ACCESS
-- 3081
-- CBU-MAIN LIBRARY (Kitwe)
-- HT 110 Res
-- 1
-- AVAILABLE
-- Jan 24, 2017
-- 747477
-- Main Library Open Access Collection
995 ## -
-- MAIN LIBRARY OPEN ACCESS
-- 747539
-- CBU-MAIN LIBRARY (Kitwe)
-- HT 110 Res
-- 2
-- AVAILABLE
-- Jan 24, 2017
-- 747539
-- Main Library Open Access Collection
999 ## -
-- 80174
-- 80174
Holdings
Withdrawn status Lost status Source of classification or shelving scheme Damaged status Not for loan Permanent Location Current Location Shelving location Date acquired Total Checkouts Full call number Barcode Date last seen Copy number Price effective from Koha item type
          CBU-MAIN LIBRARY, KITWE. CBU-MAIN LIBRARY, KITWE.   06/29/2023   HT 110 Res 747477 06/29/2023 1 06/29/2023 MONOGRAPH
          CBU-MAIN LIBRARY, KITWE. CBU-MAIN LIBRARY, KITWE.   06/29/2023   HT 110 Res 747539 06/29/2023 2 06/29/2023 MONOGRAPH